Obras completas / (Record no. 183079)

MARC details
000 -LEADER
campo de control de longitud fija 00938nam a2200229 i 4500
001 - NÚMERO DE CONTROL
campo de control 183079
003 - IDENTIFICADOR DE NÚMERO DE CONTROL
campo de control ES-MaACL
005 - FECHA Y HORA DE LA ÚLTIMA TRANSACCIÓN
campo de control 20231030135429.0
008 - DATOS DE LONGITUD FIJA--INFORMACIÓN GENERAL
campo de control de longitud fija 140115s2010 sp | |||||||| | spa d
020 ## - NÚMERO INTERNACIONAL ESTÁNDAR DEL LIBRO
Número Internacional Estándar del Libro 978-84-96920-61-3 (o.c.)
080 ## - NÚMERO DE LA CLASIFICACIÓN DECIMAL UNIVERSAL
Número de la Clasificación Decimal Universal 821.134.2-82"18"
100 1# - ENTRADA PRINCIPAL--NOMBRE DE PERSONA
Nombre de persona Barrett, Rafael,
Fechas asociadas al nombre 1876-1910
9 (RLIN) 25962
245 10 - MENCIÓN DEL TÍTULO
Título Obras completas /
Mención de responsabilidad, etc. Rafael Barrett ; [edición dirigida por Francisco Corral].
260 ## - PUBLICACIÓN, DISTRIBUCIÓN, ETC.
Lugar de publicación, distribución, etc. Santander :
Nombre del editor, distribuidor, etc. Tantín,
Fecha de publicación, distribución, etc. 2010.
300 ## - DESCRIPCIÓN FÍSICA
Extensión 2 v. ;
Dimensiones 20 cm.
505 8# - NOTA DE CONTENIDO CON FORMATO
Nota de contenido con formato t. 1. Moralidades actuales ; El dolor paraguayo ; Lo que son los yerbales ... (813 p.) -- t. 2. Mirando vivir (2) ; Al margen ; Epifonemas ... (724 p.)
700 1# - ENTRADA AGREGADA--NOMBRE PERSONAL
Nombre de persona Corral Sánchez-Cabezudo, Francisco.
9 (RLIN) 154194
852 ## - LOCALIZACIÓN
Ubicación ES-MaACL
Número de control de estantería A-13029
Designación de la unidad física v.1
itemnumber 190013
Sublocalización o colección R.149911
Ubicación en estantería Depósito 1
Signatura antigua Olim: N-6029
852 ## - LOCALIZACIÓN
Ubicación ES-MaACL
Número de control de estantería A-13030
Designación de la unidad física v.2
itemnumber 200715
Sublocalización o colección R.149911
Ubicación en estantería Depósito 1
Signatura antigua Olim: N-6030
942 ## - ELEMENTOS DE ENTRADA SECUNDARIOS (KOHA)
Fuente del sistema de clasificación o colocación Clasificación decimal universal
Tipo de ítem Koha Libro impreso
Holdings
Estatus retirado Estado de pérdida Fuente del sistema de clasificación o colocación Estado de daño No para préstamo Biblioteca de origen Biblioteca actual Ubicación en estantería Fecha de adquisición Fuente de adquisición Enumeración/cronología de publicación seriada Total de préstamos Signatura topográfica completa Código de barras Visto por última vez Precio de reemplazo Tipo de ítem Koha
    Clasificación decimal universal     Biblioteca del Ateneo de Madrid Biblioteca del Ateneo de Madrid Depósito 1 15/01/2014 Donación v.1   A-13029 1192418 23/02/2023 23/02/2023 Libro impreso
    Clasificación decimal universal     Biblioteca del Ateneo de Madrid Biblioteca del Ateneo de Madrid Depósito 1 15/01/2014 Donación v.2   A-13030 101206004 30/10/2023 23/02/2023 Libro impreso